000 00462nam a2200181Ia 4500
008 180921t1991 xxu||||| |||| 00| 0 sin d
041 _asin
080 _a651.923
_bALW
100 _aAlwis,Premachandra
245 _aපද කැටි කලාව
246 _aPada kati kalava
260 _bM.D. Gunasena
_aColombo
_c1991
300 _a108p., 22 cm
650 _aShort hand
942 _cBK
999 _c15358
_d15358
003 LK-CoDNM
040 _aLK-CoDNM
_dLK-CoDNM
_eLK-CoDNM